000 00516nam a2200145Ia 4500
003 OSt
005 20260121165951.0
008 211028s2015 xx 000 0 und d
040 _cAIMIT LIBRARY
041 _aeng
100 _aMendonca, Donald;Kamath, T Ramesh.
_g1316037
_97310
245 _aStudy on investors perception on investing in unit linked insurance policies with special reference to Birla Sun Life insurance company Mangalore India /
260 _aMangalore
_bT Ramesh Kamath.
_c2015
942 _2ddc
_cPRO
999 _c218880
_d218880